[Event "Baden-ch U1400"]
[Site "Walldorf"]
[Date "2017.07.26"]
[Round "1"]
[White "Wang, Junlin"]
[Black "Reichmann, Bernd"]
[Result "1/2-1/2"]
[WhiteElo "847"]
[BlackElo "1177"]
[PlyCount "92"]
[EventDate "2017.07.26"]
[EventType "swiss"]
[EventRounds "7"]
[EventCountry "GER"]
[SourceTitle "EXT 2018"]
[Source "ChessBase"]
[SourceDate "2017.10.13"]
[SourceVersion "1"]
[SourceVersionDate "2017.10.13"]
[SourceQuality "1"]

1. e4 e5 2. Nf3 Nc6 3. Bb5 d6 4. 0-0 Bd7 5. c3 Be7 6. Re1 Nf6 7. d4 a6 8. Ba4 h6 9. Nbd2 0-0 10. Nf1 Nh7 11. Ng3 Ng5 12. Be3 Bg4 13. Bxg5 Bxg5 14. h3 Bxf3 15. gxf3 Bf4 16. Bc2 Qg5 17. Kh2 Qd8 18. d5 Ne7 19. c4 b6 20. Rg1 Kh8 21. Kh1 Bxg3 22. fxg3 Qc8 23. Kh2 a5 24. a4 Qa6 25. Bb3 f5 26. Qd3 Qc8 27. Raf1 Qd7 28. Rg2 Rf7 29. Rgf2 Raf8 30. Bc2 f4 31. g4 Ng8 32. Rg1 g6 33. Qd2 Rg7 34. Bd1 g5 35. b3 Ra8 36. Qc3 Ne7 37. Re1 Ng6 38. Ree2 Rh7 39. Rg2 Qe7 40. Re1 Nh4 41. Rgg1 Rg7 42. Ref1 Ng6 43. Be2 Nf8 44. Kh1 Ng6 45. Kh2 Nh4 46. Rf2 Ng6 1/2-1/2